Países com maior aumento populacional até 2070 - Statistics

Estatísticas Gerais
  • Esse quiz foi jogado 67 vezes
  • A pontuação média é 11 de 20
Estatísticas das Respostas
# % Country % Correto
271 m 19% Índia
89%
80.1 m 302% Níger
77%
252 m 114% Nigéria
77%
46.6 m 14% Estados Unidos
75%
64.0 m 178% Angola
66%
213 m 213% R. D. Congo
66%
41.8 m 15% Indonésia
59%
73.9 m 66% Egito
55%
147 m 118% Etiópia
52%
202 m 85% Paquistão
52%
50.6 m 152% Moçambique
50%
47.1 m 87% Quênia
50%
114 m 172% Tanzânia
43%
64.5 m 135% Uganda
43%
43.3 m 190% Mali
41%
63.5 m 134% Sudão
41%
58.7 m 51% Filipinas
36%
48.2 m 108% Iraque
32%
52.8 m 127% Afeganistão
29%
40.1 m 141% Costa do Marfim
27%
Nenhum quiz correspondente encontrado
Distribuição das Pontuações
Porcentagem de Pessoas com Cada Pontuação
Percentil de Números Respondidos
Sua Pontuação Histórica
Você não jogou esse quiz